00446nam a2200133Ia 4500003000900000008004100009040003300050041000800083080001200091100002200103245011200125260005700237300001800294LK-CoDNM010623t1999 xxu||||| |||| 00| 1 eng d aLK-CoDNMdLK-CoDNMeLK-CoDNM aeng a32bJAY aJayatilleka,Dayan aThe Indian Intervention In Sri Lanka,1987-1990 : The North-East Provincial Council And Devolution Of Power bInternational Centre for Ethnic StudiesaKandyc1999 b79p.;25 cm cm